Statistiques concernant La collection Path to Glory de FIFA 23 (équipe 2)

Cliquez ici pour prendre le quiz!

Statistiques générales

  • Ce quiz a été pris 79 fois
  • Le résultat moyen est 8 sur 9

Statistiques - réponses

Poste + ClubJoueurNationNote% Correct
Défenseur Droit - Manchester CityKyle WalkerAngleterre87
96%
Ailier Gauche - ChelseaChristian PulisicEtats-Unis87
93%
Milieu Gauche - Atlético MadridYannick CarrascoBelgique87
90%
Milieu Défensif Central - Inter MilanMarcelo BrozovicCroatie88
86%
Avant Centre - Angers SCOSofiane BoufalMaroc86
81%
Ailier Droit - NapoliHirving LozanoMexique87
80%
Milieu Central - Bayern MunichLeon GoretzkaAllemagne89
80%
Milieu Offensif Central - FC SèvillePapu GomezArgentine87
79%
Défenseur Central - TottenhamCristian RomeroArgentine86
77%

Distribution des résultats

Percentile par nombre de réponses

% des personnes avec chaque résultat

Votre développement - résultats

Vous n’avez pas pris ce quiz